| 000 | 00878nam a22002417a 4500 | ||
|---|---|---|---|
| 999 |
_c9228 _d9228 |
||
| 001 | 9228 | ||
| 003 | BD-JhCC | ||
| 005 | 20180523112847.0 | ||
| 008 | 180214s1969 bg |||| ||a| 000 0 ben d | ||
| 035 | _a(BD-JhCC)9228 | ||
| 040 |
_aBD-JhCC _dBD-JhCC |
||
| 041 | _aben | ||
| 082 |
_a328.74409 _bMIL 1969 |
||
| 100 | _aমিল, জন স্টুয়ার্ট | ||
| 245 |
_aপ্রতিনিধিত্বমূলক সরকার / _cজন স্টুয়ার্ট মিল; মোহম্মদ দরবেশ আলী খান (অনু) |
||
| 260 |
_aঢাকা : _bবাংলা একাডেমী, _c1969. |
||
| 300 |
_a256 p. : _c22 cm. |
||
| 650 | _aRepresentative | ||
| 650 | _aPolitices and Governmant | ||
| 700 | _aখান, মোহম্মদ দরবেশ আলী | ||
| 942 |
_2ddc _cBK |
||